The charismatic movement. (Record no. 14178)

000 -LEADER
fixed length control field 00747nam a2200205 a 4500
001 - CONTROL NUMBER
control field :::00012002$&:&@@
003 - CONTROL NUMBER IDENTIFIER
control field OkBaRHE
005 - DATE AND TIME OF LATEST TRANSACTION
control field 20110325114701.0
008 - FIXED-LENGTH DATA ELEMENTS--GENERAL INFORMATION
fixed length control field s1975 j 000 0 eng u
020 ## - INTERNATIONAL STANDARD BOOK NUMBER
International Standard Book Number 0802834531\0802815898 (pbk.)
040 ## - CATALOGING SOURCE
Transcribing agency
100 1# - MAIN ENTRY--PERSONAL NAME
Personal name Hamilton, Michael Pollock, 1927-
245 14 - TITLE STATEMENT
Title The charismatic movement.
260 ## - PUBLICATION, DISTRIBUTION, ETC. (IMPRINT)
Place of publication, distribution, etc Grand Rapids, MI., :
Name of publisher, distributor, etc Eerdmans
Date of publication, distribution, etc 1975
300 ## - PHYSICAL DESCRIPTION
Extent 196 p. ;
Dimensions 23 cm.
650 ## - SUBJECT ADDED ENTRY--TOPICAL TERM
Topical term or geographic name as entry element Pentecostalism
General subdivision Addresses, Essays, Lectures
942 ## - ADDED ENTRY ELEMENTS (KOHA)
Source of classification or shelving scheme
Koha item type Books
Copies
Lost status Price effective from Date acquired Shelving location Full call number Source of classification or shelving scheme Copy number Koha item type Barcode Withdrawn status Permanent Location Damaged status Not for loan Date last seen
 2010-04-142010-04-14General StacksBX 8764 .Z6A2 1Books12002 RHEMA Bible Training College  2011-03-25
 2010-04-142010-04-14General StacksBX 8764 .Z6A2 2Books15144 RHEMA Bible Training College  2010-04-14